000 00358nam a2200145Ia 4500
008 230917s9999||||xx |||||||||||||| ||und||
040 _e43143
_aMAIN
041 _aEnglish
082 _a940.28 C23F
100 _aCarr, EH
245 0 _aFrom Nepoleon to Stalin and other essays
260 _aLondon
_bMacmillan
_c1980
300 _aix, 277 p.
942 _cBK
999 _c219411
_d219411